000 00636nam a2200229Ia 4500
003 OSt
005 20220916111031.0
006 a|||||r|||| 00| 0
007 ta
008 220915b |||||||| |||| 00| 0 eng d
024 _a124025
037 _cTextbook
040 _beng
_aARTS
_cARTS
041 _aeng
082 _aV6413:1:N0, 122F0 (906)
100 _aDe Bauw A
245 0 _aLe Katanga : Notes sur le pays ses resources et l'avenir de la colonisations Belge
260 _aNA
_bNA
650 _aHISTORY
942 _hV6413:1:N0, 122F0 (906)
_cTB
_2CC
999 _c103985
_d103985